00621nam a22001937a 4500003000900000008004100009040007100050082001800121100002300139245002100162260003200183300003000215505002400245650002900269650001400298650002400312700004600336700004500382AR-CdUCM190503b ||||| |||| 00| 0 spa d aMUNICIPALIDAD PROVINCIAL DEL CUSCOcBIBLIOTECA MUNICIPAL DEL CUSCO a848.79 /bB28 aBaudelaire, Carlos aProsa escogida / aMadrid :bBiblioteca nueva. a316 páginas ;c18.5 cm. aContenido: Cuentos. aProsa poética francesa aSiglo XIX aLiteratura Francesa aGómez de la Serna, Julio (traducción) aGómez de la Serna, Ramón (epílogo)